Taylor Swift Songs Sudden Death - Statistics

General Stats
  • This quiz has been taken 222 times
  • The average score is 9 of 16
Answers on the Grid
Answers color-coded by a green-red scale on the quiz's grid according to % correct below.
Mine
Hey Stephen
Oxytocin
Me
You
King of Anything
Superbass
Tim McGraw
Tied Together With A Smile
Shape of You
Part of Me
Wildest Dreams
Love Song
You Belong With Me
Style
It's Nice To Have A Friend
illicit affairs
Making the Bed
emails I can't send
Guilty As Sin?
The Black Dog
I Wanna Get Better
Today Was A Fairytale
If This Was A Movie
If We Were A Movie
Holy Ground
God is a Woman
Love The Way You Lie
Cold As You
Flowers
 
Answer Stats
Answer % Correct
Tim McGraw
81%
Wildest Dreams
79%
Mine
77%
Hey Stephen
72%
Style
65%
You Belong With Me
65%
Me
63%
Tied Together With A Smile
58%
illicit affairs
57%
It's Nice To Have A Friend
51%
Guilty As Sin?
50%
Holy Ground
47%
The Black Dog
46%
Today Was A Fairytale
46%
Cold As You
44%
If This Was A Movie
41%
No matching quizzes found
Score Distribution
Percent of People with Each Score
Percentile by Number Answered
Your Score History
You have not taken this quiz